Southville International School and Colleges
Your cart is empty.
  • Cart
  • Lists
    Public lists Eva Luna New books Lux_list list_1
    Your lists Log in to create your own lists
  • Log in to your account
  • Your cookies
  • Search history
Southville International School and Colleges
  • Advanced search
  • Recent comments
  • Most popular
  • Libraries

Log in to your account

Log in with GOOGLE


If you do not have an external account, but do have a local account, you can still log in:

  1. Home
  2. MARC view: Around the world in 100 years :
Normal view MARC view ISBD view

Around the world in 100 years : (Record no. 41401)

[ view plain ]
MARC details
000 -LEADER
fixed length control field 00711nam a2200253Ia 4500
003 - CONTROL NUMBER IDENTIFIER
control field OSt
005 - DATE AND TIME OF LATEST TRANSACTION
control field 20140428103917.0
008 - FIXED-LENGTH DATA ELEMENTS--GENERAL INFORMATION
fixed length control field 140130s9999 xx 000 0 und d
020 ## - INTERNATIONAL STANDARD BOOK NUMBER
International Standard Book Number 0590489100
050 ## - LIBRARY OF CONGRESS CALL NUMBER
Classification number G 175
Item number .F75 1994
100 ## - MAIN ENTRY--PERSONAL NAME
Personal name Fritz, Jean.
245 ## - TITLE STATEMENT
Statement of responsibility, etc Jean Fritz.
Title Around the world in 100 years :
Remainder of title from Henry the navigator to Magellan /
260 ## - PUBLICATION, DISTRIBUTION, ETC. (IMPRINT)
Name of publisher, distributor, etc Scholastic Inc.,
Place of publication, distribution, etc USA :
Date of publication, distribution, etc c1994.
300 ## - PHYSICAL DESCRIPTION
Extent 121 p. :
Other physical details col. ill. ;
Dimensions 23 cm.
521 ## - TARGET AUDIENCE NOTE
Target audience note
526 ## - STUDY PROGRAM INFORMATION NOTE
Reading level 1050
650 ## - SUBJECT ADDED ENTRY--TOPICAL TERM
Topical term or geographic name as entry element Explorers
General subdivision Juvenile literature.
650 ## - SUBJECT ADDED ENTRY--TOPICAL TERM
Topical term or geographic name as entry element Discoveries in geography
General subdivision Juvenile literature.
650 ## - SUBJECT ADDED ENTRY--TOPICAL TERM
Topical term or geographic name as entry element Explorers.
942 ## - ADDED ENTRY ELEMENTS (KOHA)
Koha item type Books
Source of classification or shelving scheme Library of Congress Classification
Holdings
Withdrawn status Lost status Source of classification or shelving scheme Damaged status Home library Current library Shelving location Date acquired Total Checkouts Full call number Barcode Date last seen Copy number Koha item type Price effective from
    Library of Congress Classification   Munich Library Munich Library Scholastic Reading Center Section 01/30/2014   G 175 .F75 1994 MS3252 01/30/2014 1 Books  
    Library of Congress Classification   Munich Library Munich Library Scholastic Reading Center Section 03/20/2014   G 175 .F75 1994 MS0822 03/20/2014 2 Books 03/20/2014
    Library of Congress Classification   Munich Library Munich Library Scholastic Reading Center Section 03/20/2014   G 175 .F75 1994 MS0985 03/20/2014 3 Books 03/20/2014

Around the world in 100 years :

APA

Fritz J., . (1994). Around the world in 100 years. USA: Scholastic Inc.

Chicago

Fritz Jean, . 1994. Around the world in 100 years. USA: Scholastic Inc.

Harvard

Fritz J., . (1994). Around the world in 100 years. USA: Scholastic Inc.

MLA

Fritz Jean, . Around the world in 100 years. USA: Scholastic Inc. 1994.

  • Place hold
  • Print
  • Cite
  • Add to your cart (remove)
  • Save record
    BIBTEX Dublin Core MARCXML MARC (non-Unicode/MARC-8) MARC (Unicode/UTF-8) MARC (Unicode/UTF-8, Standard) MODS (XML) RIS
  • More searches
    Search for this title in:
    Other Libraries (WorldCat) Other Databases (Google Scholar) Online Stores (Bookfinder.com) Open Library (openlibrary.org)

Exporting to Dublin Core...

SOUTHVILLE LIBRARY

Southville International School and Colleges Library

1281 Tropical Ave. Cor. Luxembourg St., BF Homes International, Las Pinas City

Tel. No. 8256374 / 252358 Loc. 117/146

Powered by Koha